La Communauté Européenne et son ordre juridique

保存先:
書誌詳細
団体著者: Comisión de las Comunidades Europeas
フォーマット: テキスト
出版事項: Luxembourg: CE
タグ: タグ追加
タグなし, このレコードへの初めてのタグを付けませんか!

MARC

LEADER 00000 a a2200000 04500
001 24103
003
040
020 |a 92-825-4433-8  
090 |a 171200  
110 |a Comisión de las Comunidades Europeas  
245 |a La Communauté Européenne et son ordre juridique  
260 |a Luxembourg:   |b CE  
300 |a 43 p  
999 |c 11618  |d 11618